00463 2200181 4500001002100000005001500021008004100036020001800077035001900095041000700114082000800121090001400129100002300143245003500166260003100201300002900232650002000261INLIS00000000001884220241224115600241224||||||||| | ||| |||| || |  a979-526-252-1 0010-1224018842 aid0 a613 a613 BOY p0 aBoyke Dian Nugraha00aProblema Seks dan Cinta Remaja aJakartabBumi Aksarac2008 ax,127 hlm.; ilus.; 21 cm 0aPendidikan Seks